| 000 | 00354nam a2200145Ia 4500 | ||
|---|---|---|---|
| 008 | 231217s9999 xx 000 0 und d | ||
| 041 | _aEnglish | ||
| 082 | _a621.366 SIL;1 R | ||
| 100 | _aSilfvast, William T | ||
| 245 | 0 | _aLaser fundamental | |
| 260 |
_c1998 _bFoundation Books _aNew Delhi |
||
| 300 | _axxii+521 | ||
| 650 | _aLaser | ||
| 942 | _cAA | ||
| 999 |
_c172118 _d172118 |
||